00558cam a22001932 4500001001100000005001700011008004100028020001700069040001500086050002400101100003200125245007600157250001200233260003000245300001200275650003700287700003700324852000300361000001956920151217154434.0110110s xx 000 0 eng d a0321415066 : aKABUcKABU 0aQA76.9b.D3E46 20071 aElmasri, Ramez.@000014841010aFundamentals of database systems /cRamez Elmasri, Shamkant B. Navathe. a5th ed. aBoston :bPearson,c2007. a1010 p. 0aDatabase management.@00001481841 aNavathe, Shamkant B.@00001484111